The Contracts (Rights of Third Parties) Act revised (Record no. 77600)

MARC details
000 -LEADER
fixed length control field 01348cab a2200217 4500
001 - CONTROL NUMBER
control field ##L134629
008 - FIXED-LENGTH DATA ELEMENTS--GENERAL INFORMATION
fixed length control field 060821n2006 000 0 eng u
035 ## - SYSTEM CONTROL NUMBER
System control number (Sirsi) u134629
041 0# - LANGUAGE CODE
Language code of text/sound track or separate title eng
100 1# - MAIN ENTRY--PERSONAL NAME
Personal name Fox, Owen
245 04 - TITLE STATEMENT
Title The Contracts (Rights of Third Parties) Act revised
260 ## - PUBLICATION, DISTRIBUTION, ETC.
Date of publication, distribution, etc. 2006
490 #0 - SERIES STATEMENT
Series statement Contract Journal
Volume/sequential designation 434(6587) 9 August 2006, 17(1)
520 ## - SUMMARY, ETC.
Summary, etc. Examines how the provisions of the Contracts (Rights of Third Parties) Act 1999 can be used to avoid the difficulties and inconveniences caused in the past by the need to issue collateral warranties. The Act confers on certain third parties the right to rely upon, and benefit from, the terms of a contract to which they were not a party. After an initial period of scepticism in the construction industry, the 2005 JCT Standard Building Contract now utilises the provisions of the Act, removing the additional administrative burden associated with the provision of warranties, and the temptation for warranty providers and beneficiaries to individually negotiate terms.
590 ## - LOCAL NOTE (RLIN)
Local note IKA220806
650 24 - SUBJECT ADDED ENTRY--TOPICAL TERM
Topical term or geographic name entry element CONTRACTS (RIGHTS OF THIRD PARTIES) ACT 1999
650 24 - SUBJECT ADDED ENTRY--TOPICAL TERM
Topical term or geographic name entry element JCT STANDARD BUILDING CONTRACT (2005 EDITION)
651 #4 - SUBJECT ADDED ENTRY--GEOGRAPHIC NAME
Geographic name England and Wales
Chronological subdivision 1543-
690 ## - LOCAL SUBJECT ADDED ENTRY--TOPICAL TERM (OCLC, RLIN)
Topical term or geographic name as entry element BUILT ENVIRONMENT-CONSTRUCTION MANAGEMENT-BUILDING CONTRACT ADMINISTRATION
942 ## - ADDED ENTRY ELEMENTS (KOHA)
Suppress in OPAC 0
Holdings
Withdrawn status Lost status Source of classification or shelving scheme Damaged status Not for loan Home library Current library Shelving location Date acquired Total Checkouts Full call number Barcode Date last seen Copy number Price effective from Koha item type
    Dewey Decimal Classification     London London Journal article 21/08/2006   L134629 134629-1001 06/08/2019 1 06/08/2019 Journal article